00972nam a2200253 i 450000100060000000300090000600500170001500700030003200800410003502000180007608000340009410000430012824500810017126000580025230000300031050400570034060000580039765500480045571000460050385200220054994200080057199900170057995201220059677781ES-MaACL20231204175103.0t|041108s1995 sp ||||1| spa d a84-89455-03-1 a75 Sorolla, Joaquín (064.3)1 aSorolla, Joaquín,d1863-1923910741810aJoaquín Sorolla (1863-1923) : bMadrid, 23 noviembre, 1995-28 enero, 1996. aMadrid : bFundación Cultural Mapfre Vida, c[1995] a208 p. : bil. ; c30 cm. aFuentes documentales y bibliográficas: p. 199-203.14aSorolla, Joaquín,d1863-1923-vExposiciones9107419 72tgfbne9193628aCatálogos de exposiciones2 aFundación Cultural Mapfre Vida.91739804 aES-MaACLjL-28395 2udc c77781d77781 00104070aATENEOMbATENEOMcDEPO2d2008-01-17eSCl0oL-28395p1081371r2023-02-23 00:00:00w2023-02-23yMONOGRAFIA